00502nam a2200145Ia 4500100003500000942000700035654001400042245004000056260001900096082001900115546001200134999001700146952009700163952009600260 aKulkarni/ A.D./ Barapte/ R.A.  cBK amaterials aEngineering Materials & Components bTechnovac1999 a621.3bKUL/BAR aENGLISH c32608d32608 001040708CRCaCRCEbCRCEd2023-03-17l0o621.3 KUL/BARp11200r2023-03-17w2023-03-17yBK 001040708CRCaCRCEb428d2023-03-17l0o621.3 KUL/BARp11201r2026-04-20w2023-03-17yBK